000 00250nam a2200097Ia 4500
001 1252083
005 20251031150927.0
008 251031s9999 xx 000 0 und d
245 0 _cOSCAR BRENİFİER
_aP-5 İYİLİK NEDİR?
260 _bTUDEM YAYINLARI
999 _c1252083
_d1252083